000 00465nam a2200181Ia 4500
005 20250508151959.0
008 008 250505s9999 xx 000 0 eng d
037 _aTextual
040 _aFEDL
_beng
_cFEDL
041 _aeng
_2eng
084 _a371.5, SID
_qFEDL
100 _aSidhanta N K
245 0 _aProblem of discipline in Indian University
260 _c1956
300 _a25p.
942 _cTEXL
_h371.5, SID
999 _c1333360
_d1333360